|
|
|
|
| LEADER |
00000cas a2200000 c 4500 |
| 001 |
130424951 |
| 003 |
DE-627 |
| 005 |
20241203182223.0 |
| 007 |
tu |
| 008 |
931116d19851988gw z| p| 0 |0ger c |
| 015 |
|
|
|a 99,A31,0739
|2 dnb
|
| 016 |
7 |
|
|a 013669907
|2 DE-101
|
| 016 |
7 |
|
|a 632775-8
|2 DE-600
|
| 022 |
|
|
|a 0177-9206
|
| 035 |
|
|
|a (DE-627)130424951
|
| 035 |
|
|
|a (DE-576)015925757
|
| 035 |
|
|
|a (DE-599)ZDB632775-8
|
| 035 |
|
|
|a (OCoLC)1367734178
|
| 040 |
|
|
|a DE-627
|b ger
|c DE-627
|e rakwb
|
| 041 |
|
|
|a ger
|
| 044 |
|
|
|c XA-DE
|
| 082 |
0 |
4 |
|a 610
|q DE-600
|
| 084 |
|
|
|a 19
|a 33
|a 78
|a 340
|a 360
|2 sdnb
|
| 210 |
1 |
0 |
|a AtemA
|
| 245 |
0 |
0 |
|a Atemalkohol
|b internationale wissenschaftliche Zeitschrift für forensische Alkohologie = Breath alcohol
|
| 246 |
3 |
1 |
|a Breath alcohol
|
| 264 |
3 |
1 |
|a Düsseldorf
|b Atema-Verl.
|c 1985-1988
|
| 336 |
|
|
|a Text
|b txt
|2 rdacontent
|
| 337 |
|
|
|a ohne Hilfsmittel zu benutzen
|b n
|2 rdamedia
|
| 338 |
|
|
|a Band
|b nc
|2 rdacarrier
|
| 362 |
0 |
|
|a 1.1985 - 4.1988; damit Ersch. eingest.
|
| 363 |
0 |
0 |
|a 1
|i 1985
|
| 363 |
1 |
0 |
|a 4
|i 1988
|
| 583 |
1 |
|
|a Archivierung/Langzeitarchivierung gewährleistet
|c 2020
|f PENW
|2 pdager
|5 DE-5
|
| 591 |
|
|
|a 12!
|
| 650 |
|
4 |
|a Atemalkoholbestimmung
|
| 655 |
|
7 |
|a Zeitschrift
|0 (DE-588)4067488-5
|0 (DE-627)10454466X
|0 (DE-576)20917000X
|2 gnd-content
|
| 951 |
|
|
|a JT
|
| ELC |
|
|
|b 1
|
| ORI |
|
|
|a WA-MARC-krimdokb001.raw
|
| SPR |
|
|
|a 1
|t KRI
|